[Event "SV Weidenau/Geisweid 1 - Bergische SF 1"]
[Site "NRW-Klasse - Gruppe 4 2019/20"]
[Date "2020.02.23"]
[Round "7.1"]
[White "Bosbach, Stefan"]
[Black "Karthaeuser, Johannes"]
[Result "0-1"]
[WhiteElo "2036"]
[BlackElo "2141"]
[Annotator "Daniel"]
[PlyCount "116"]
[EventDate "2020.??.??"]
[SourceVersionDate "2020.03.16"]
[WhiteTeam "Bergische SF 1"]
[BlackTeam "SV Weidenau/Geisweid 1"]

1. Nf3 Nf6 2. g3 g6 3. Bg2 Bg7 4. c4 O-O 5. Nc3 d6 6. d3 Nbd7 7. Bd2 e5 8. Rb1
a5 9. a3 c6 10. O-O Ne8 11. b4 axb4 12. axb4 Nc7 13. b5 Nc5 14. Qc1 Re8 15. Bg5
f6 16. Bh6 d5 17. Bxg7 Kxg7 18. Nd2 d4 19. Nce4 Nxe4 20. Bxe4 cxb5 21. cxb5 Ra5
22. b6 Na6 23. Nc4 Rc5 24. Qa3 Re7 25. Rfc1 f5 26. Bg2 e4 27. Nd2 Rce5 28. Nc4
R5e6 29. dxe4 fxe4 30. Bh3 Rc6 31. Bxc8 Rxc8 32. Nd6 Rxc1+ 33. Rxc1 Re6 34.
Nxb7 $11 Qxb6 35. Rc8 Qb4 36. Qa2 Rf6 37. Rg8+ Kh6 38. Qa1 Qxb7 39. Qxd4 Qb6
40. Qd2+ e3 41. Qxe3+ Qxe3 42. fxe3 Nc5 43. Re8 Re6 44. Rc8 Ne4 45. Rc4 Kg5 46.
Kg2 Kf5 47. h3 h5 48. Rd4 g5 49. Rd5+ Re5 50. Rd8 Nf6 51. Kf2 Nd5 52. Rf8+ Kg6
53. Rf3 Nf6 54. Kg2 Rf5 55. h4 g4 56. Rf4 Rxf4 57. exf4 Kf5 58. Kf2 Ke4 0-1

[Event "SV Weidenau/Geisweid 1 - Bergische SF 1"]
[Site "NRW-Klasse - Gruppe 4 2019/20"]
[Date "2020.02.23"]
[Round "7.2"]
[White "Send, Sebastian"]
[Black "Harringer, Manfred"]
[Result "1-0"]
[WhiteElo "2122"]
[BlackElo "2021"]
[PlyCount "91"]
[EventDate "2020.??.??"]
[SourceVersionDate "2020.03.16"]
[WhiteTeam "SV Weidenau/Geisweid 1"]
[BlackTeam "Bergische SF 1"]

1. Nf3 Nf6 2. g3 d5 3. Bg2 Bg4 4. Ne5 Bf5 5. c4 c6 6. O-O e6 7. d4 Be7 8. Nc3
Nbd7 9. Qb3 Qb6 10. Nxd7 Nxd7 11. e4 dxe4 12. Nxe4 O-O 13. Be3 Rfd8 14. Rfd1
Nf6 15. Nxf6+ Bxf6 16. Rd2 Rd7 17. Rad1 Rad8 18. h3 h6 19. g4 Qxb3 20. axb3 Bg6
21. d5 exd5 22. cxd5 c5 23. Bxc5 Rc8 24. Bxa7 Rc2 25. f4 Rxd2 26. Rxd2 Bb1 27.
Bb6 Ba2 28. b4 Bc4 29. Bc5 Bd8 30. d6 f6 31. Be4 Be6 32. f5 Bc4 33. Be3 Kf8 34.
Bf4 Bb6+ 35. Kg2 Bd8 36. Rc2 b5 37. Be3 Rxd6 38. Bc5 Be7 39. Bxd6 Bxd6 40. Bc6
Ke7 41. Rd2 Bxb4 42. Rd7+ Kf8 43. Bd5 Ke8 44. Be6 Be7 45. Kf3 b4 46. Rxe7+ 1-0

[Event "SV Weidenau/Geisweid 1 - Bergische SF 1"]
[Site "NRW-Klasse - Gruppe 4 2019/20"]
[Date "2020.02.23"]
[Round "7.3"]
[White "Weiser, Hans-Josef"]
[Black "Scholl, Patrick"]
[Result "1/2-1/2"]
[WhiteElo "1965"]
[BlackElo "1965"]
[PlyCount "48"]
[EventDate "2020.??.??"]
[SourceVersionDate "2020.03.16"]
[WhiteTeam "Bergische SF 1"]
[BlackTeam "SV Weidenau/Geisweid 1"]

1. e4 e5 2. Nf3 Nc6 3. Nc3 Nf6 4. d4 exd4 5. Nxd4 Bb4 6. Nxc6 bxc6 7. Bd3 O-O
8. O-O d5 9. exd5 cxd5 10. Bg5 c6 11. Qf3 h6 12. Bxf6 Qxf6 13. Qxf6 gxf6 14.
Ne2 Re8 15. Nd4 Bb7 16. Nf5 Bf8 17. Rfe1 Re5 18. Re3 Rxe3 19. Nxe3 Re8 20. Kf1
Bc8 21. Re1 a5 22. Nf5 Re5 23. g4 c5 24. c3 Bd7 1/2-1/2

[Event "SV Weidenau/Geisweid 1 - Bergische SF 1"]
[Site "NRW-Klasse - Gruppe 4 2019/20"]
[Date "2020.02.23"]
[Round "7.4"]
[White "Meinhardt, Michael"]
[Black "Gelsok, Philipp"]
[Result "1/2-1/2"]
[WhiteElo "1996"]
[BlackElo "1925"]
[PlyCount "105"]
[EventDate "2020.??.??"]
[SourceVersionDate "2020.03.16"]
[WhiteTeam "SV Weidenau/Geisweid 1"]
[BlackTeam "Bergische SF 1"]

1. c4 c6 2. g3 d5 3. Nf3 Nf6 4. Bg2 dxc4 5. O-O e6 6. Qc2 b5 7. a4 Bb7 8. b3
cxb3 9. Qxb3 a6 10. Ne5 Qc7 11. Bb2 Bd6 12. d4 Bxe5 13. dxe5 Nd5 14. Nd2 O-O
15. Rac1 Qa5 16. Ne4 Qxa4 17. Qxa4 bxa4 18. Nc5 Bc8 19. Nxa4 a5 20. Ba3 Nb4 21.
Rfd1 Ba6 22. Rd2 Bb5 23. Nc3 Bc4 24. Rd4 Bd5 25. e4 c5 26. Rd2 Bb3 27. Nb5 N8a6
28. Bf1 Rfc8 29. Bc4 Bxc4 30. Rxc4 h6 31. f4 Rab8 32. Nd6 Rc6 33. Rc1 Rd8 34.
Rcd1 Rc7 35. Nc4 Rxd2 36. Rxd2 Nc6 37. Kf2 Nab4 38. Rd6 Kf8 39. Rd1 Ke7 40. Nd6
f6 41. exf6+ gxf6 42. Nc4 Rd7 43. Rxd7+ Kxd7 44. Ke3 Nc2+ 45. Kd3 Nxa3 46. Nxa3
Nb4+ 47. Kc4 Kc6 48. g4 Kd7 49. Kxc5 Nd3+ 50. Kd4 Nxf4 51. Nc4 Nh3 52. Ke3 a4
53. Nb6+ 1/2-1/2

[Event "SV Weidenau/Geisweid 1 - Bergische SF 1"]
[Site "NRW-Klasse - Gruppe 4 2019/20"]
[Date "2020.02.23"]
[Round "7.5"]
[White "Eilers, Jochen"]
[Black "Waechtler, Frank"]
[Result "1/2-1/2"]
[WhiteElo "1993"]
[BlackElo "1995"]
[PlyCount "24"]
[EventDate "2020.??.??"]
[SourceVersionDate "2020.03.16"]
[WhiteTeam "Bergische SF 1"]
[BlackTeam "SV Weidenau/Geisweid 1"]

1. e4 Nf6 2. Nc3 d5 3. e5 Ne4 4. Qf3 Nxc3 5. dxc3 e6 6. Bf4 Nd7 7. Qg3 c6 8.
Nf3 Nc5 9. Nd2 f6 10. Be2 f5 11. O-O Rg8 12. h4 Be7 1/2-1/2

[Event "SV Weidenau/Geisweid 1 - Bergische SF 1"]
[Site "NRW-Klasse - Gruppe 4 2019/20"]
[Date "2020.02.23"]
[Round "7.6"]
[White "Dueber, Olaf"]
[Black "Thelen, Harm-Wulf"]
[Result "1-0"]
[WhiteElo "1931"]
[BlackElo "1946"]
[PlyCount "43"]
[EventDate "2020.??.??"]
[SourceVersionDate "2020.03.16"]
[WhiteTeam "SV Weidenau/Geisweid 1"]
[BlackTeam "Bergische SF 1"]

1. d4 Nf6 2. Bf4 c5 3. e3 Qb6 4. Nc3 cxd4 5. exd4 d6 6. Rb1 g6 7. Nf3 Bg7 8. h3
O-O 9. Bd3 Nc6 10. Be3 Nb4 11. Bc4 d5 12. Bb3 e6 13. O-O Nc6 14. Qd2 Re8 15.
Rfe1 Na5 16. Bh6 Nxb3 17. axb3 Bh8 18. Ne5 Bd7 19. Bg5 Bc6 20. Qf4 Qd8 21. Ng4
Nh5 22. Nh6+ 1-0

[Event "SV Weidenau/Geisweid 1 - Bergische SF 1"]
[Site "NRW-Klasse - Gruppe 4 2019/20"]
[Date "2020.02.23"]
[Round "7.7"]
[White "Gutt, Oswald"]
[Black "Boyko, Oleksiy"]
[Result "1-0"]
[WhiteElo "1881"]
[BlackElo "1943"]
[PlyCount "67"]
[EventDate "2020.??.??"]
[SourceVersionDate "2020.03.16"]
[WhiteTeam "Bergische SF 1"]
[BlackTeam "SV Weidenau/Geisweid 1"]

1. c4 Nf6 2. Nc3 g6 3. d4 Bg7 4. Nf3 O-O 5. g3 d6 6. Bg2 c6 7. O-O Qa5 8. h3
Be6 9. Qd3 Qa6 10. b3 d5 11. cxd5 Qxd3 12. exd3 Nxd5 13. Ne4 Na6 14. Ba3 Nab4
15. Bxb4 Nxb4 16. Nc5 Bd5 17. Nxb7 Nc2 18. Rac1 Nxd4 19. Nxd4 Bxd4 20. Bxd5
cxd5 21. Rc2 Rfc8 22. Rfc1 Rxc2 23. Rxc2 Rb8 24. Na5 Bb6 25. Nc6 Rb7 26. b4 Kf8
27. Ne5 Rc7 28. Rxc7 Bxc7 29. Nc6 Bb6 30. a4 a6 31. Nb8 a5 32. Nd7+ Ke8 33.
Nxb6 axb4 34. Nxd5 1-0

[Event "SV Weidenau/Geisweid 1 - Bergische SF 1"]
[Site "NRW-Klasse - Gruppe 4 2019/20"]
[Date "2020.02.23"]
[Round "7.8"]
[White "Piskorz, Andreas"]
[Black "Gutt, Stefan"]
[Result "1/2-1/2"]
[WhiteElo "1893"]
[BlackElo "1798"]
[PlyCount "100"]
[EventDate "2020.??.??"]
[SourceVersionDate "2020.03.16"]
[WhiteTeam "SV Weidenau/Geisweid 1"]
[BlackTeam "Bergische SF 1"]

1. Nf3 d5 2. b3 c5 3. Bb2 Nc6 4. e3 Nf6 5. Bb5 Bg4 6. h3 Bh5 7. g4 Bg6 8. Ne5
Qc7 9. f4 e6 10. O-O Bd6 11. d3 O-O 12. Bxc6 bxc6 13. Nd2 Nd7 14. Ndf3 Nxe5 15.
Nxe5 Bxe5 16. Bxe5 Qd7 17. Qf3 f6 18. Bb2 Qc7 19. h4 Rab8 20. g5 e5 21. h5 Bf7
22. gxf6 gxf6 23. fxe5 Be6 24. exf6 Kf7 25. Kf2 Qh2+ 26. Qg2 Qh4+ 27. Qg3 Qxg3+
28. Kxg3 Rg8+ 29. Kf2 Rg5 30. Rg1 Rbg8 31. Rxg5 Rxg5 32. Rg1 Rxg1 33. Kxg1 h6
34. Kf2 Bg4 35. e4 Bxh5 36. e5 Ke6 37. d4 cxd4 38. Bxd4 a6 39. Ke3 Bg6 40. c3
Kf5 41. b4 Bf7 42. Kd3 h5 43. Ke3 Bg6 44. Kf3 Bf7 45. Kg3 Bg6 46. Kh4 Bf7 47.
Kg3 Bg6 48. Kf3 Bf7 49. Ke3 Kg4 50. Kf2 Kf4 1/2-1/2

[Event "Siegener SV 1 - SG Ennepe-Ruhr-Süd 1"]
[Site "NRW-Klasse - Gruppe 4 2019/20"]
[Date "2020.02.23"]
[Round "7.2"]
[White "Bouillon, Christian"]
[Black "Tripolsky, Eugen"]
[Result "0-1"]
[WhiteElo "2055"]
[BlackElo "2211"]
[Annotator "Daniel"]
[PlyCount "78"]
[EventDate "2020.??.??"]
[SourceVersionDate "2020.03.16"]
[WhiteTeam "Siegener SV 1"]
[BlackTeam "SG Ennepe-Ruhr-Süd 1"]

1. e4 c5 2. Nc3 e6 3. g3 d5 4. Bg2 Nf6 5. d3 Nc6 6. exd5 exd5 7. Bg5 Be6 8.
Bxf6 gxf6 9. Nge2 d4 10. Ne4 f5 11. Nd2 Bd6 12. c3 Qd7 13. Qa4 O-O 14. O-O Be5
15. Bxc6 bxc6 16. Nf3 Bf6 17. cxd4 cxd4 18. Nfxd4 $11 c5 19. Qxd7 Bxd7 20. Nb3
Bxb2 21. Rab1 Ba3 22. Nf4 Rfd8 23. Rfe1 Re8 24. Nd5 Kg7 25. Na5 Rab8 26. Nc4
Bc6 27. Nde3 Bb4 28. Nxf5+ Kf6 29. Rxe8 Rxe8 30. Nfe3 Rd8 31. a3 Bc3 32. Rc1
Rxd3 33. Ng4+ Ke6 34. Nge5 Bxe5 35. Re1 f6 36. f4 Kd5 37. fxe5 Kxc4 38. exf6
Rf3 39. Re6 Kd5 0-1

[Event "Siegener SV 1 - SG Ennepe-Ruhr-Süd 1"]
[Site "NRW-Klasse - Gruppe 4 2019/20"]
[Date "2020.02.23"]
[Round "7.3"]
[White "Heller, Achim"]
[Black "Richter, Gerald"]
[Result "1-0"]
[WhiteElo "2001"]
[BlackElo "1992"]
[Annotator "Daniel"]
[PlyCount "152"]
[EventDate "2020.??.??"]
[SourceVersionDate "2020.03.16"]
[WhiteTeam "SG Ennepe-Ruhr-Süd 1"]
[BlackTeam "Siegener SV 1"]

1. d4 Nf6 2. c4 e6 3. Nc3 d5 4. cxd5 exd5 5. Bg5 Be7 6. e3 O-O 7. Bd3 Nbd7 8.
Nge2 c6 9. Qc2 Re8 10. O-O Nf8 11. Rab1 Nh5 12. Bxe7 Qxe7 13. b4 a6 14. Na4 g6
15. Nc5 f5 16. Qd2 b6 17. Nb3 Ne6 18. Rfc1 Bd7 19. a4 Qd6 20. a5 b5 $11 21. Nc5
Nxc5 22. dxc5 Qe5 23. Qc3 Re7 24. Qxe5 Rxe5 25. g3 Rae8 26. h4 Kg7 27. Kg2 Nf6
28. Nd4 Ng4 29. Be2 Nf6 30. Rb2 R5e7 31. Bd3 Re5 32. Re2 R5e7 33. Rce1 Ng4 34.
Nf3 Ne5 35. Nxe5 Rxe5 36. Kf1 Kf6 37. Bc2 R5e7 38. Rd2 Re5 39. Rd4 h5 40. Ke2
Bc8 41. Kd2 Kg7 42. Bd3 R5e7 43. Re2 Kf6 44. f3 Kg7 45. Rf4 Re5 46. Rd4 Kf6 47.
e4 fxe4 48. fxe4 Be6 49. Rf2+ Kg7 50. exd5 Rxd5 51. Rff4 Rxd4 52. Rxd4 Bd5 53.
Rf4 Re5 54. g4 g5 55. hxg5 Rxg5 56. Bf5 Kf6 57. Bc8+ Ke5 58. Ke3 h4 59. Rf8 h3
60. Re8+ Kf6 61. Kf4 h2 62. Rh8 h1=Q 63. Rxh1 Bxh1 64. Bxa6 Rg7 65. Bc8 Rc7 66.
g5+ Ke7 67. Bf5 Bd5 68. Ke5 Bg8 69. Be4 Bf7 70. Bh7 Bd5 71. Bf5 Rb7 72. Bd3 Kd8
73. g6 Re7+ 74. Kf6 Re3 75. Bf5 Kc7 76. g7 Bg8 1-0

[Event "Siegener SV 1 - SG Ennepe-Ruhr-Süd 1"]
[Site "NRW-Klasse - Gruppe 4 2019/20"]
[Date "2020.02.23"]
[Round "7.4"]
[White "Schmidt, Matthias"]
[Black "Bruchmann, Norbert"]
[Result "1-0"]
[WhiteElo "1943"]
[BlackElo "1996"]
[PlyCount "61"]
[EventDate "2020.??.??"]
[SourceVersionDate "2020.03.16"]
[WhiteTeam "Siegener SV 1"]
[BlackTeam "SG Ennepe-Ruhr-Süd 1"]

1. e4 e6 2. d4 d5 3. Nc3 Bb4 4. e5 c5 5. a3 Bxc3+ 6. bxc3 Ne7 7. Nf3 Qa5 8. Bd2
Nbc6 9. Be2 Bd7 10. Rb1 Qc7 11. O-O c4 12. a4 f6 13. Bc1 fxe5 14. dxe5 Ng6 15.
Ba3 Ngxe5 16. Nxe5 Nxe5 17. Qd4 Bxa4 18. f4 Ng6 19. f5 Bxc2 20. fxg6 hxg6 21.
g3 b6 22. Bg4 Bf5 23. Rbe1 Kf7 24. Rxe6 Kxe6 25. Re1+ Kf7 26. Qxd5+ Kf6 27.
Bxf5 gxf5 28. Qe6+ Kg5 29. Bc1+ Kg4 30. Qg6+ Kh3 31. Qxf5# 1-0

[Event "Siegener SV 1 - SG Ennepe-Ruhr-Süd 1"]
[Site "NRW-Klasse - Gruppe 4 2019/20"]
[Date "2020.02.23"]
[Round "7.5"]
[White "Arakelian, Aik"]
[Black "Besser, Jochen"]
[Result "1-0"]
[WhiteElo "2045"]
[BlackElo "1893"]
[PlyCount "55"]
[EventDate "2020.??.??"]
[SourceVersionDate "2020.03.16"]
[WhiteTeam "SG Ennepe-Ruhr-Süd 1"]
[BlackTeam "Siegener SV 1"]

1. e4 c5 2. Nf3 g6 3. c3 Bg7 4. d4 cxd4 5. cxd4 d5 6. exd5 Nf6 7. Bc4 Nxd5 8.
Qb3 e6 9. Nc3 Nxc3 10. bxc3 O-O 11. O-O Nc6 12. Qc2 Qc7 13. Ba3 Rd8 14. Bb3 b5
15. Bc5 Bb7 16. Qe2 a5 17. a4 b4 18. cxb4 Nxd4 19. Nxd4 Bxd4 20. Bxd4 Rxd4 21.
b5 Qc3 22. Rad1 Rad8 23. Qc2 Qb4 24. Rxd4 Rxd4 25. Rd1 Be4 26. Qe2 Bd3 27. Rxd3
Re4 28. Re3 1-0

[Event "Siegener SV 1 - SG Ennepe-Ruhr-Süd 1"]
[Site "NRW-Klasse - Gruppe 4 2019/20"]
[Date "2020.02.23"]
[Round "7.6"]
[White "Lindner, Torsten"]
[Black "Nasoyan, Maksim"]
[Result "1-0"]
[WhiteElo "1858"]
[BlackElo "1984"]
[Annotator "Daniel"]
[PlyCount "155"]
[EventDate "2020.??.??"]
[SourceVersionDate "2020.03.16"]
[WhiteTeam "Siegener SV 1"]
[BlackTeam "SG Ennepe-Ruhr-Süd 1"]

1. e4 e6 2. d4 d5 3. Nc3 Bb4 4. e5 Ne7 5. Nf3 c5 6. a3 Ba5 7. Bd2 cxd4 8. Nb5
Bxd2+ 9. Qxd2 O-O 10. Nfxd4 Ng6 11. f4 a6 12. Nd6 f6 13. Nxc8 Qxc8 14. exf6
Rxf6 15. g3 Nc6 16. O-O-O $11 Nge7 17. Bh3 Nxd4 18. Qxd4 Qc6 19. Rd2 Nf5 20.
Bxf5 Rxf5 21. Re1 Rf7 22. Rde2 Rc8 23. Qe5 Re7 24. f5 Rce8 25. fxe6 Rxe6 26.
Qxe6+ Rxe6 27. Rxe6 Qc5 28. R6e2 b5 29. Kb1 h6 30. Rd1 d4 31. Red2 Qh5 32. h4
Qg4 33. Rd3 Kh7 34. Rf1 Qe2 35. Rfd1 Qg4 36. b3 Qg6 37. Rf1 Qd6 38. Kb2 a5 39.
Rf4 b4 40. axb4 axb4 41. Rdxd4 Qe5 42. g4 Kg6 43. Ka2 Qe2 44. Rc4 Qd2 45. Kb2
Qe1 46. h5+ Kh7 47. Rxb4 Qe5+ 48. Rbd4 Qe3 49. b4 Qe5 50. Rfe4 Qb5 51. Kb3 Qf1
52. c4 Qb1+ 53. Ka4 Qa1+ 54. Kb5 Qa7 55. c5 Qb7+ 56. Ka4 Qa7+ 57. Kb3 Qf7+ 58.
Rc4 Qf3+ 59. Ka4 Qd1+ 60. Kb5 Qd5 61. Red4 Qb7+ 62. Ka4 Qa8+ 63. Kb3 Qf3+ 64.
Rc3 Qc6 65. Rd6 Qe4 66. c6 Qb1+ 67. Ka4 Qa1+ 68. Ra3 Qc1 69. Rad3 Qc4 70. R3d4
Qa6+ 71. Kb3 Qa1 72. b5 Qa5 73. R4d5 Qb6 74. Rd7 Qe3+ 75. Kb4 Qe1+ 76. Kc5 Qc1+
77. Kb6 Qe3+ 78. Kb7 1-0

[Event "Siegener SV 1 - SG Ennepe-Ruhr-Süd 1"]
[Site "NRW-Klasse - Gruppe 4 2019/20"]
[Date "2020.02.23"]
[Round "7.7"]
[White "Schaefer, Martin"]
[Black "Besser, Axel"]
[Result "1/2-1/2"]
[WhiteElo "1859"]
[BlackElo "1881"]
[Annotator "Daniel"]
[PlyCount "93"]
[EventDate "2020.??.??"]
[SourceVersionDate "2020.03.16"]
[WhiteTeam "SG Ennepe-Ruhr-Süd 1"]
[BlackTeam "Siegener SV 1"]

1. d4 Nf6 2. c4 e6 3. g3 d5 4. Nf3 Bb4+ 5. Bd2 Bxd2+ 6. Qxd2 O-O 7. Bg2 Ne4 8.
Qc2 c5 9. O-O Nc6 10. dxc5 Qe7 11. cxd5 exd5 12. Rc1 Re8 13. e3 Nb4 14. Qb3 a5
15. Nc3 Be6 16. Qd1 Nxc5 17. Ne1 Rad8 18. Nb5 Nc6 19. Nc2 Ne4 20. Ncd4 Qf6 21.
Qf3 Nxd4 22. Nxd4 Rc8 $11 23. Qxf6 Nxf6 24. Kf1 Rxc1+ 25. Rxc1 Rc8 26. Rxc8+
Bxc8 27. Nb5 Bd7 28. Nc3 Bc6 29. f3 Nd7 30. f4 Nf6 31. Ke2 d4 32. Bxc6 dxc3 33.
Ba4 cxb2 34. Bc2 Nd5 35. Kd2 b5 36. e4 Nb6 37. Kc3 Na4+ 38. Kb3 Kf8 39. a3 Ke7
40. Ka2 Nb6 41. Kxb2 Nc4+ 42. Ka2 h6 43. Bd3 Nd2 44. Bxb5 Nxe4 45. Kb2 Kd6 46.
Be2 f6 47. Kc2 1/2-1/2

[Event "Siegener SV 1 - SG Ennepe-Ruhr-Süd 1"]
[Site "NRW-Klasse - Gruppe 4 2019/20"]
[Date "2020.02.23"]
[Round "7.8"]
[White "Wallasch, Thomas"]
[Black "Heinzemann, Thomas"]
[Result "1-0"]
[WhiteElo "1805"]
[BlackElo "1978"]
[PlyCount "89"]
[EventDate "2020.??.??"]
[SourceVersionDate "2020.03.16"]
[WhiteTeam "Siegener SV 1"]
[BlackTeam "SG Ennepe-Ruhr-Süd 1"]

1. d4 Nf6 2. Nf3 g6 3. c4 c5 4. Nc3 cxd4 5. Nxd4 Bg7 6. e4 d6 7. Be2 a6 8. O-O
Nbd7 9. Be3 O-O 10. Rc1 Nc5 11. f3 Ne6 12. Qd2 Nh5 13. Nb3 Bd7 14. Nd5 Bc6 15.
Bb6 Qe8 16. Na5 Nf6 17. b4 Nd7 18. Be3 Rc8 19. b5 axb5 20. cxb5 Bxd5 21. Qxd5
b6 22. Nc6 Nec5 23. Rc2 Nb8 24. Nb4 Qd7 25. Rd1 Qa7 26. Qd2 Nbd7 27. Nc6 Rxc6
28. bxc6 Ne5 29. Bb5 Rc8 30. Rb1 Nxc6 31. Bxc5 bxc5 32. Bxc6 Rxc6 33. Qd5 Rc7
34. Kh1 Bd4 35. Qb3 Kg7 36. a4 Rc8 37. Qb5 h5 38. a5 Ra8 39. Ra2 Bc3 40. a6 Bb4
41. Qd3 Qb6 42. f4 Ra7 43. h3 Qc6 44. Rxb4 cxb4 45. Qd4+ 1-0

[Event "SF Stadtverwaltung Bonn 1 - SC Bonn Beu"]
[Site "NRW-Klasse - Gruppe 4 2019/20"]
[Date "2020.02.23"]
[Round "7.1"]
[White "Haag, Martin"]
[Black "Limp, Roland"]
[Result "1/2-1/2"]
[WhiteElo "2200"]
[BlackElo "2149"]
[PlyCount "39"]
[EventDate "2020.??.??"]
[SourceVersionDate "2020.03.16"]
[WhiteTeam "SC Bonn Beuel 1"]
[BlackTeam "SF Stadtverwaltung Bonn 1"]

1. c4 Nf6 2. Nc3 g6 3. e4 d6 4. d4 Bg7 5. Nf3 O-O 6. Be2 Nbd7 7. O-O e5 8. d5
Nc5 9. Qc2 a5 10. Bg5 h6 11. Be3 Ne8 12. Nd2 f5 13. exf5 Bxf5 14. Nde4 Nxe4 15.
Nxe4 Nf6 16. f3 b6 17. b3 Qe7 18. Rae1 Nxe4 19. fxe4 Bd7 20. Rxf8+ 1/2-1/2

[Event "SF Stadtverwaltung Bonn 1 - SC Bonn Beu"]
[Site "NRW-Klasse - Gruppe 4 2019/20"]
[Date "2020.02.23"]
[Round "7.2"]
[White "Weigant, Wladimir"]
[Black "Hoppe, Thilo"]
[Result "0-1"]
[WhiteElo "2140"]
[BlackElo "2132"]
[PlyCount "126"]
[EventDate "2020.??.??"]
[SourceVersionDate "2020.03.16"]
[WhiteTeam "SF Stadtverwaltung Bonn 1"]
[BlackTeam "SC Bonn Beuel 1"]

1. Nf3 Nf6 2. g3 g6 3. b3 Bg7 4. Bb2 O-O 5. Bg2 d5 6. c4 c6 7. O-O a5 8. Qc2 a4
9. d3 Na6 10. Be5 Qb6 11. Nbd2 Nb4 12. Qb2 a3 13. Qc1 Bf5 14. Nb1 Qa7 15. Nc3
Rfc8 16. Qd2 Qa5 17. Rac1 Bg4 18. Bd4 h5 19. c5 Na6 20. Qe3 Re8 21. Ne5 Qc7 22.
Na4 Nb8 23. Nb6 Ra6 24. h3 Bf5 25. Qf4 Nfd7 26. Nexd7 Qxf4 27. gxf4 Bxd4 28.
Nxb8 Rxb8 29. Na4 Bg7 30. Rcd1 Ra5 31. d4 Re8 32. Rfe1 Bh6 33. e3 f6 34. f3 Be6
35. Bf1 Raa8 36. Bd3 Kf7 37. h4 Rg8 38. Kf2 Rae8 39. Rh1 Rd8 40. Rb1 Bf5 41.
Bxf5 gxf5 42. b4 e5 43. fxe5 fxe5 44. b5 f4 45. exf4 Bxf4 46. bxc6 bxc6 47.
Rb7+ Ke6 48. Rc7 exd4 49. Rxc6+ Ke5 50. Rd1 Be3+ 51. Ke2 Rg2+ 52. Kd3 Rxa2 53.
Ra6 Rf2 54. Nb6 Rxf3 55. Ra7 Bh6+ 56. Kc2 Rc3+ 57. Kb1 d3 58. Na4 Rb8+ 59. Ka1
Rc1+ 60. Rxc1 Bxc1 61. Rf7 d2 62. Rf1 Rb4 63. Nb6 Kd4 0-1

[Event "SF Stadtverwaltung Bonn 1 - SC Bonn Beu"]
[Site "NRW-Klasse - Gruppe 4 2019/20"]
[Date "2020.02.23"]
[Round "7.3"]
[White "Lorenz, Roger"]
[Black "Suppert, Timur"]
[Result "1/2-1/2"]
[WhiteElo "2162"]
[BlackElo "2145"]
[PlyCount "202"]
[EventDate "2020.??.??"]
[SourceVersionDate "2020.03.16"]
[WhiteTeam "SC Bonn Beuel 1"]
[BlackTeam "SF Stadtverwaltung Bonn 1"]

1. e4 d5 2. exd5 Nf6 3. d4 Bg4 4. Bb5+ c6 5. dxc6 Nxc6 6. Nf3 Qb6 7. Nc3 O-O-O
8. Bxc6 Qxc6 9. Qe2 e6 10. Nb5 Qe4 11. Qxe4 Nxe4 12. Nxa7+ Kc7 13. Nb5+ Kb6 14.
a4 f6 15. Be3 Ka5 16. c3 Rd7 17. O-O g5 18. Rfc1 h5 19. Kf1 Bf5 20. Ne1 g4 21.
b4+ Ka6 22. f3 gxf3 23. gxf3 Ng5 24. Ke2 Rg8 25. Na3 Nh3 26. d5 exd5 27. a5 d4
28. b5+ Kxa5 29. Nac2+ Kb6 30. Nxd4 Bh7 31. Rd1 Rf7 32. Nf5+ Kxb5 33. Nd6+ Bxd6
34. Rxd6 Re8 35. Kd2 Rxe3 36. Kxe3 Kc5 37. Rd4 Re7+ 38. Kd2 Ng1 39. Ra5+ b5 40.
Ra6 Re2+ 41. Kd1 Rxe1+ 42. Kxe1 Nxf3+ 43. Kd1 Nxd4 44. cxd4+ Kxd4 45. Rxf6 Be4
46. Kd2 b4 47. Rf4 b3 48. Kc1 Ke3 49. Rh4 Bf3 50. Rb4 Kf2 51. Rxb3 Kg2 52. Kd2
Bg4 53. h4 Kf2 54. Re3 Bf3 55. Kd3 Kg3 56. Kd4 Kf4 57. Rc3 Bg4 58. Kd5 Be2 59.
Ke6 Kg4 60. Re3 Bd1 61. Re4+ Kg3 62. Kf6 Kf3 63. Rd4 Be2 64. Kg5 Ke3 65. Rb4
Bd1 66. Rb1 Bg4 67. Rb4 Bd1 68. Rf4 Kd3 69. Rf8 Bg4 70. Kf4 Kd4 71. Rd8+ Kc5
72. Ke5 Kc6 73. Rd3 Be2 74. Rd4 Bg4 75. Kf4 Kc5 76. Rd8 Kc6 77. Kg3 Kc7 78. Rd4
Be2 79. Kf2 Bb5 80. Rd5 Be8 81. Ke3 Kc6 82. Kd4 Bf7 83. Rf5 Be8 84. Ke5 Kd7 85.
Kf6 Kd6 86. Ra5 Kd7 87. Kg7 Ke6 88. Kf8 Bg6 89. Kg7 Bf5 90. Kh6 Bg4 91. Kg5 Bf3
92. Kg6 Bg4 93. Ra6+ Ke5 94. Kg5 Bf3 95. Ra3 Bg4 96. Re3+ Kd4 97. Re7 Kd5 98.
Re8 Kd6 99. Re4 Kd5 100. Rxg4 hxg4 101. Kxg4 Ke6 1/2-1/2

[Event "SF Stadtverwaltung Bonn 1 - SC Bonn Beu"]
[Site "NRW-Klasse - Gruppe 4 2019/20"]
[Date "2020.02.23"]
[Round "7.4"]
[White "Wahl, Felix"]
[Black "Rosskothen, Arnd"]
[Result "0-1"]
[WhiteElo "2064"]
[BlackElo "2052"]
[PlyCount "114"]
[EventDate "2020.??.??"]
[SourceVersionDate "2020.03.16"]
[WhiteTeam "SF Stadtverwaltung Bonn 1"]
[BlackTeam "SC Bonn Beuel 1"]

1. e4 c5 2. Nf3 e6 3. d4 cxd4 4. Nxd4 Nc6 5. Nc3 Qc7 6. Be3 a6 7. Qd2 Nf6 8.
O-O-O Be7 9. f3 h5 10. Nb3 b5 11. Bf4 Ne5 12. Kb1 d6 13. Bxb5+ axb5 14. Nxb5
Qb6 15. Nxd6+ Bxd6 16. Qxd6 Qxd6 17. Rxd6 Ng6 18. Be3 O-O 19. Rhd1 Ba6 20. Nc5
Be2 21. R1d2 Bf1 22. Rf2 Bb5 23. b3 Rfc8 24. c4 Be8 25. Kb2 Ne5 26. Kc3 Neg4
27. fxg4 Nxg4 28. Re2 Nxe3 29. Rxe3 Rxc5 30. a4 Re5 31. Kd4 f6 32. c5 Bxa4 33.
bxa4 Rxa4+ 34. Kd3 Rxc5 35. Re2 Re5 36. Rd4 Rxd4+ 37. Kxd4 g5 38. Rb2 Kf7 39.
Rb7+ Kg6 40. g3 g4 41. Re7 Ra5 42. Rxe6 Kf7 43. Rc6 Ra2 44. Rc1 Rxh2 45. Rg1
Ra2 46. Kd5 Rd2+ 47. Kc4 Kg6 48. Kc3 Ra2 49. Kd4 Kg5 50. Ke3 Ra3+ 51. Ke2 Rf3
52. Rg2 h4 53. gxh4+ Kxh4 54. Rh2+ Kg5 55. Rg2 Kf4 56. Kd2 g3 57. Re2 Rf2 0-1

[Event "SF Stadtverwaltung Bonn 1 - SC Bonn Beu"]
[Site "NRW-Klasse - Gruppe 4 2019/20"]
[Date "2020.02.23"]
[Round "7.5"]
[White "Koch, Matthias"]
[Black "Marzec, Ronny"]
[Result "1-0"]
[WhiteElo "1950"]
[BlackElo "2001"]
[PlyCount "77"]
[EventDate "2020.??.??"]
[SourceVersionDate "2020.03.16"]
[WhiteTeam "SC Bonn Beuel 1"]
[BlackTeam "SF Stadtverwaltung Bonn 1"]

1. e4 e5 2. Nc3 Nf6 3. f4 d5 4. fxe5 Nxe4 5. d3 Nxc3 6. bxc3 Be7 7. Nf3 O-O 8.
d4 f6 9. Bf4 fxe5 10. Bxe5 Nd7 11. Bg3 Nf6 12. Bd3 Bg4 13. O-O Ne4 14. Qe1 Bxf3
15. Rxf3 Rxf3 16. gxf3 Ng5 17. Qe3 Qd7 18. f4 Nf7 19. c4 Bf6 20. c3 Re8 21. Qf2
c5 22. cxd5 Qxd5 23. Re1 Rd8 24. Qe2 Nd6 25. dxc5 Re8 26. Bc4 Qxc4 27. Qxc4+
Nxc4 28. Rxe8+ Kf7 29. Rb8 Na5 30. Kf1 Ke6 31. f5+ Kd7 32. Ke2 Kc6 33. Rc8+ Kb5
34. Kd3 Nc6 35. Rc7 Ka6 36. a3 Ne7 37. Ke4 Nc6 38. c4 b6 39. Rxc6 1-0

[Event "SF Stadtverwaltung Bonn 1 - SC Bonn Beu"]
[Site "NRW-Klasse - Gruppe 4 2019/20"]
[Date "2020.02.23"]
[Round "7.6"]
[White "Wagner, Rainer"]
[Black "Woeltge, Carsten"]
[Result "1-0"]
[WhiteElo "1983"]
[BlackElo "1831"]
[PlyCount "89"]
[EventDate "2020.??.??"]
[SourceVersionDate "2020.03.16"]
[WhiteTeam "SF Stadtverwaltung Bonn 1"]
[BlackTeam "SC Bonn Beuel 1"]

1. d4 Nf6 2. c4 g6 3. Nc3 Bg7 4. e4 d6 5. h3 O-O 6. Bg5 c5 7. d5 e6 8. Nf3 Qa5
9. Qd2 Re8 10. Be2 exd5 11. exd5 a6 12. O-O Nbd7 13. Rae1 b5 14. cxb5 Bb7 15.
bxa6 Bxa6 16. Bxa6 Qxa6 17. Bh6 Qc4 18. Bxg7 Kxg7 19. Rxe8 Rxe8 20. Rd1 Nb6 21.
Qd3 Qb4 22. b3 Re7 23. g3 h6 24. Kg2 Qa5 25. Nd2 Qb4 26. Nc4 Nc8 27. Rb1 Nd7
28. Ne4 Qb8 29. Qc3+ f6 30. Qf3 Rf7 31. Rd1 Ne5 32. Qc3 Nxc4 33. bxc4 Qa7 34.
Rd2 Qe7 35. Re2 Qa7 36. Qb2 Qa6 37. Rc2 Qa7 38. Nc3 Rb7 39. Nb5 Qa5 40. Re2 Qa4
41. Re6 Rf7 42. Qe2 Qa6 43. Re8 Na7 44. Ra8 Qb6 45. Qe8 1-0